000 00652nam a2200229 i 4500
001 bg
100 1 _aKOCHANOWSKI, Józef
245 1 0 _aPodstawy i zarządzanie marketingiem /
_cJózef Kochanowski ; Uniwersytet Zielonogórski.
260 _aZielona Góra :
_bOficyna Wydawnicza UZ,
_c2003.
300 _a428 s. :
_bwykr. ;
_c24 cm.
504 _aBibliogr.
650 9 _aMarketing
655 _aPodręczniki akademickie
710 0 _aUniwersytet Zielonogórski
020 _a8389321327
040 _cBPK
041 0 _apol
080 _a339.138(075.8)
920 _a83-89321-32-7
942 _cKS
008 s pl f |000 0 pol
999 _c43946
_d43946
856 _uhttp://koha.tu.koszalin.pl/cgi-bin/koha/opac-detail.pl?biblionumber=43946
_yKatalog online BPK